Champion de France de rugby à XV - Statistiques

Statistiques générales
  • Ce quiz a été pris 377 fois
    137 depuis la dernière actualisation
  • Le résultat moyen est 88 sur 125
Statistiques - réponses
Hint1 Réponse % Correct
1912 | 1922 | 1923 | +21 others Stade toulousain
94%
1931 | 1987 | 1992 | 2014 RC Toulon
89%
2016 Racing 92
86%
1892 | 1900 | 1902 | 1990 Racing Club de France
86%
2010 | 2017 ASM Clermont
85%
1893 | 1894 | 1895 | +11 others Stade Français
83%
1949 | 1950 | 1993 | +2 others Castres olympique
81%
2022 Montpellier HR
77%
1938 | 1944 | 1955 | 2009 USA Perpignan
77%
1914 AS Perpignan
76%
1921 | 1925 US Perpignan
76%
1899 | 1904 | 1905 | +4 others Stade bordelais
74%
1935 | 1939 | 2002 | +2 others Biarritz olympique
72%
1913 | 1934 | 1943 Aviron bayonnais
70%
1928 | 1946 | 1964 Section paloise
63%
1961 | 1971 | 1972 | +8 others AS Béziers
60%
1910 FC Lyon
60%
1932 | 1933 Lyon OU
60%
1930 | 1945 | 1962 | +5 others SU Agen
58%
1967 US Montauban
57%
1948 | 1952 | 1953 | +5 others FC Lourdes
51%
1963 Stade montois
51%
1969 CA Bègles
48%
1954 FC Grenoble
48%
1936 | 1979 RC Narbonne
48%
1920 | 1973 Stadoceste tarbais
47%
1970 La Voulte sportif
23%
1937 CS Vienne
10%
1951 US Carmaux
10%
1896 Olympique
9%
1991 CA Bègles Bordeaux
8%
1929 US Quillan
8%
1959 Racing Club de France
1%
Aucun quiz correspondant
Distribution des résultats
% des personnes avec chaque résultat
Percentile par nombre de réponses
Votre historique - résultats
Vous n’avez pas pris ce quiz depuis la dernière actualisation